000
00253nam a2200109Ia 4500
008
190216s9999||||xx |||||||||||||| ||und||
100
_a
Iyengar S P
245
0
_a
Advanced Accounting
260
_b
Sulthan Chand&Sons
_c
1990
300
_a
1296p
942
_c
BK
999
_c
5527
_d
5527